000 00268nam a2200097Ia 4500
001 904502
005 20250826184933.0
008 250824s9999 xx 000 0 und d
245 0 _aCEMİL MERİÇ İN DÜNYASI
_cMUSTAFA ARMAĞAN-SEZAİ COŞKUN
260 _bKETEBE YAYINLARI
999 _c904502
_d904502